Этих глаз (Запись № 9865410)
[ простой вид ]
| 000 -МАРКЕР | |
|---|---|
| контрольное поле | 01656nam0a22004091 4500 |
| 001 - ИДЕНТИФИКАТОР ЗАПИСИ | |
| контрольное поле | RU\NLR\A1SV\36350 |
| 005 - ИДЕНТИФИКАТОР ВЕРСИИ | |
| контрольное поле | 20251203171251.9 |
| 035 ## - ДРУГИЕ СИСТЕМНЫЕ НОМЕРА | |
| Идентификатор записи | (NLR Aleph) 009718834 |
| 100 ## - ДАННЫЕ ОБЩЕЙ ОБРАБОТКИ | |
| Данные общей обработки | 20010626d1919 u y0rusy50 ca |
| 101 0# - ЯЗЫК РЕСУРСА | |
| Язык текста, звукозаписи и т.д. | русский |
| 102 ## - СТРАНА ПУБЛИКАЦИИ ИЛИ ПРОИЗВОДСТВА | |
| Страна публикации | российская федерация |
| 135 ## - ПОЛЕ КОДИРОВАННЫХ ДАННЫХ: ЭЛЕКТРОННЫЕ РЕСУРСЫ | |
| Кодированные данные для электронного ресурса | crcn 024anaba |
| 135 ## - ПОЛЕ КОДИРОВАННЫХ ДАННЫХ: ЭЛЕКТРОННЫЕ РЕСУРСЫ | |
| Кодированные данные для электронного ресурса | crcn 024anaba |
| 200 1# - ЗАГЛАВИЕ И СВЕДЕНИЯ ОБ ОТВЕТСТВЕННОСТИ | |
| Основное заглавие | Этих глаз |
| Сведения, относящиеся к заглавию | Стихи |
| Первые сведения об ответственности | Юрий Деген |
| Последующие сведения об ответственности | Виньетка по рис. авт. |
| 210 ## - ПУБЛИКАЦИЯ, РАСПРОСТРАНЕНИЕ И ДР. | |
| Место издания, распространения и т.д. | Пг. |
| Имя издателя, распространителя и т. д. | Феникс |
| Дата издания, распространения и т.д. | 1919 |
| 215 ## - ФИЗИЧЕСКАЯ ХАРАКТЕРИСТИКА | |
| Специфическое обозначение материала и объем | 16 с. |
| Размеры | 19 см |
| 325 1# - ПРИМЕЧАНИЕ О КОПИИ | |
| Текст примечания | Копия доступна в электронной библиотеке РНБ |
| 451 #1 - ДРУГОЕ ИЗДАНИЕ [КАТАЛОГИЗИРУЕМОГО ДОКУМЕНТА] НА АНАЛОГИЧНОМ НОСИТЕЛЕ | |
| Встроенное поле | 001RU\NLR\A1SV\36351 |
| -- | 2001#$aЭтих глаз$eСтихи$fЮрий Деген$gВиньетка по рис. авт. |
| -- | 700#1$aДеген$bЮ.Е.$f1896-1923$gЮрий Евгеньевич$4070 |
| Системный номер (АБИС) связанной записи | 9865412 |
| Автор | Деген, Ю.Е. (1896-1923) |
| Место публикации | Пг. |
| Дата публикации | 1919 |
| Издание | 2-е изд. |
| Первые сведения об ответственности | Юрий Деген |
| Имя издателя, распространителя и т.д. | Феникс |
| Сведения, относящиеся к заглавию | Стихи |
| Физическая характеристика | 16 с. |
| Заглавие | Этих глаз |
| 620 ## - МЕСТО И ДАТА ПУБЛИКАЦИИ, ИСПОЛНЕНИЯ И Т. Д. | |
| Город | Санкт-Петербург |
| 700 #1 - ИМЯ ЛИЦА - ПЕРВИЧНАЯ ОТВЕТСТВЕННОСТЬ | |
| Начальный элемент ввода | Деген |
| Часть имени, кроме начального элемента ввода | Ю.Е. |
| Даты | 1896-1923 |
| Расширение инициалов личного имени | Юрий Евгеньевич |
| Код отношения | Автор |
| 801 #0 - ИСТОЧНИК ЗАПИСИ | |
| Страна | российская федерация |
| Организация | NLR |
| Дата составления | 20010626 |
| 852 ## - МЕСТОНАХОЖДЕНИЕ И ШИФР ХРАНЕНИЯ | |
| Идентификатор организации | NLR |
| Шифр хранения (Call Number) | Л 30 В-4/227 |
| 852 ## - МЕСТОНАХОЖДЕНИЕ И ШИФР ХРАНЕНИЯ | |
| Идентификатор организации | NLR |
| Шифр хранения (Call Number) | Л 30 В-4/227а |
| 856 #0 - МЕСТОНАХОЖДЕНИЕ ЭЛЕКТРОННЫХ РЕСУРОВ И ДОСТУП К НИМ | |
| Универсальный идентификатор ресурса (Uniform Resource Identifier) | http://vivaldi.nlr.ru/bx000009232/view |
| 856 #1 - МЕСТОНАХОЖДЕНИЕ ЭЛЕКТРОННЫХ РЕСУРОВ И ДОСТУП К НИМ | |
| Универсальный идентификатор ресурса (Uniform Resource Identifier) | http://vivaldi.nlr.ru/bx000009232/cover |
| 856 #2 - МЕСТОНАХОЖДЕНИЕ ЭЛЕКТРОННЫХ РЕСУРОВ И ДОСТУП К НИМ | |
| Универсальный идентификатор ресурса (Uniform Resource Identifier) | http://vivaldi.nlr.ru/bx000009232/text |
| 899 ## - ДАННЫЕ О МЕСТОНАХОЖДЕНИИ (устаревшее) | |
| Местонахождение | BMG |
| 899 ## - ДАННЫЕ О МЕСТОНАХОЖДЕНИИ (устаревшее) | |
| Местонахождение | РГБ |
| 899 ## - ДАННЫЕ О МЕСТОНАХОЖДЕНИИ (устаревшее) | |
| Местонахождение | UVA |
| 899 ## - ДАННЫЕ О МЕСТОНАХОЖДЕНИИ (устаревшее) | |
| Местонахождение | BnF |
| 901 ## - ДАННЫЕ ОБ ОБЪЕКТЕ ОЦИФРОВКИ | |
| -- | Книжные издания |
| 942 ## - ДОПОЛНИТЕЛЬНЫЕ ЭЛЕМЕНТЫ ЗАПИСИ (АБИС) | |
| Тип экземпляра АБИС | Книга |
| 980 ## - КОЛЛЕКЦИЯ | |
| Название коллекции | Национальная библиография |
| 980 ## - КОЛЛЕКЦИЯ | |
| Название коллекции | Международный сводный каталог русской книги (1918-1926) |
| 981 39 - КОЛЛЕКЦИЯ ЭЛЕКТРОННОЙ БИБЛИОТЕКИ | |
| Название коллекции | Русский авангард |
Нет доступных экземпляров.